[Event "Enschede op-D U14"]
[Site "Enschede"]
[Date "2009.08.03"]
[Round "7"]
[White "Van Boheemen, Stan"]
[Black "De Block, Yordi"]
[Result "1-0"]
[WhiteElo "1106"]
[BlackElo "1337"]
[PlyCount "47"]
[EventDate "2009.08.03"]
[EventType "swiss"]
[EventRounds "9"]
[EventCountry "NED"]
[SourceTitle "CBM 132 Extra"]
[Source "ChessBase"]
[SourceDate "2009.11.03"]
[SourceVersion "1"]
[SourceVersionDate "2009.11.03"]
[SourceQuality "1"]

1. e4 e5 2. Nf3 Nc6 3. d4 exd4 4. Nxd4 Bc5 5. Be3 Qf6 6. c3 Nge7 7. Bc4 d6 8. 0-0 Qg6 9. Qf3 Ne5 10. Bxf7+ Qxf7 11. Qxf7+ Nxf7 12. Nd2 0-0 13. Nc4 b6 14. b3 Ba6 15. f4 d5 16. exd5 Nxd5 17. Rfe1 Nxc3 18. Ne6 Rfe8 19. Bxc5 bxc5 20. Nxc7 Rxe1+ 21. Rxe1 Rc8 22. Nxa6 Nxa2 23. Nc7 Rxc7 24. Re8# 1-0